[Event "CZE-chT1W 2223"]
[Site "Czech Republic"]
[Date "2023.02.26"]
[Round "9.5"]
[White "Oresky, Jan"]
[Black "Husarik, Branko"]
[Result "1-0"]
[WhiteElo "2254"]
[BlackElo "2122"]
[PlyCount "59"]
[EventDate "2022.10.09"]
[EventType "team-tourn"]
[EventRounds "11"]
[EventCountry "CZE"]
[SourceTitle "CBM 213 Extra"]
[Source "ChessBase"]
[SourceDate "2023.05.31"]
[SourceVersion "1"]
[SourceVersionDate "2023.05.31"]
[SourceQuality "1"]
[WhiteTeam "Praha Oaza II"]
[BlackTeam "Lysa nad Labem II"]
[WhiteTeamCountry "CZE"]
[BlackTeamCountry "CZE"]

1. e4 c6 2. Nf3 d5 3. Nc3 dxe4 4. Nxe4 Nf6 5. Qe2 Qd5 6. d3 Bg4 7. Bd2 Nbd7 8. c4 Bxf3 9. gxf3 Qe5 10. d4 Qc7 11. 0-0-0 e6 12. Bh3 Be7 13. Rhg1 g6 14. Ng5 h6 15. Nxf7 Kxf7 16. Qxe6+ Kf8 17. Rxg6 Qd6 18. Qxd6 Bxd6 19. Bxd7 Kf7 20. Bf5 b5 21. cxb5 cxb5 22. Rdg1 Rhg8 23. Rxg8 Nxg8 24. h3 a5 25. Be4 Rc8+ 26. Kb1 Nf6 27. Bg6+ Ke6 28. Re1+ Kd5 29. Bf7+ Kxd4 30. Bc3+ 1-0

[Event "CZE-chT2C 2223"]
[Site "Czech Republic"]
[Date "2022.12.04"]
[Round "4.2"]
[White "Belaska, Premysl"]
[Black "Husarik, Branko"]
[Result "0-1"]
[WhiteElo "2217"]
[BlackElo "2122"]
[PlyCount "92"]
[EventDate "2022.10.16"]
[EventType "team-tourn"]
[EventRounds "11"]
[EventCountry "CZE"]
[SourceTitle "EXT 2024"]
[Source "ChessBase"]
[SourceDate "2023.10.10"]
[SourceVersion "1"]
[SourceVersionDate "2023.10.10"]
[SourceQuality "1"]
[WhiteTeam "Liberec"]
[BlackTeam "Lysa nad Labem"]
[WhiteTeamCountry "CZE"]
[BlackTeamCountry "CZE"]

1. e4 c6 2. d4 d5 3. f3 e6 4. Nc3 Nf6 5. e5 Nfd7 6. f4 c5 7. Nf3 Nc6 8. Be3 Qb6 9. Qd2 g6 10. Na4 Qb4 11. Qxb4 Nxb4 12. Kd2 c4 13. b3 b5 14. Nc3 a6 15. a3 Nc6 16. bxc4 bxc4 17. Be2 Rb8 18. g4 Nb6 19. h4 Na7 20. h5 Nb5 21. hxg6 fxg6 22. Nxb5 axb5 23. c3 Ra8 24. f5 exf5 25. gxf5 Bxf5 26. Bg5 h5 27. Nh4 Be4 28. Rhg1 Rh7 29. Be3 Rxa3 30. Rxa3 Bxa3 31. Nxg6 b4 32. Nf4 b3 33. Bxh5+ Ke7 34. Bf2 b2 35. Bg6 Bxg6 36. Nxg6+ Ke6 37. Nh4 Rg7 38. Rh1 Na4 39. Kc2 Be7 40. Nf3 Rg2 41. Rf1 Nxc3 42. Nd2 Ne4 43. Nxe4 dxe4 44. Kb1 c3 45. Be1 c2+ 46. Kxb2 Ba3+ 0-1

[Event "Pardubice Czech op-E 33rd"]
[Site "Pardubice"]
[Date "2022.07.14"]
[Round "1.1"]
[White "Roubalik, Jakub"]
[Black "Husarik, Branko"]
[Result "1/2-1/2"]
[WhiteElo "2380"]
[BlackElo "2109"]
[PlyCount "85"]
[EventDate "2022.07.14"]
[EventType "team-swiss"]
[EventRounds "7"]
[EventCountry "CZE"]
[SourceTitle "CBM 209 Extra"]
[Source "ChessBase"]
[SourceDate "2022.09.30"]
[SourceVersion "1"]
[SourceVersionDate "2022.09.30"]
[SourceQuality "1"]
[WhiteTeam "Brno Moravska Slavia"]
[BlackTeam "Lysa nad Labem Joly"]
[WhiteTeamCountry "CZE"]
[BlackTeamCountry "CZE"]

1. d4 e5 2. dxe5 d6 3. Nf3 Nc6 4. Bg5 Qd7 5. exd6 Bxd6 6. e3 f6 7. Bh4 Qf7 8. Nbd2 Bg4 9. Bg3 0-0-0 10. Bc4 Qh5 11. Bxd6 Rxd6 12. Qe2 Ne5 13. 0-0-0 Nxc4 14. Nxc4 Ra6 15. Kb1 Ne7 16. a3 Nc6 17. h3 Be6 18. Ncd2 Qf7 19. Ne4 Bc4 20. Qe1 Rb6 21. Qc3 Re8 22. Ng3 Ne7 23. Rd4 Rc6 24. Qd2 Qf8 25. Rd1 Bg8 26. Rd3 Rb6 27. e4 Nc6 28. Qc3 Qf7 29. b3 a5 30. Rd7 Qf8 31. Kb2 a4 32. b4 Be6 33. R7d3 Na5 34. Nd4 Bg8 35. Kc1 Nc4 36. f3 g6 37. Nf1 Ne5 38. R3d2 Qf7 39. Qa1 Nc4 40. Rd3 Ne5 41. R3d2 Nc4 42. Rd3 Ne5 43. R3d2 1/2-1/2

[Event "Pardubice Czech op-B 32nd"]
[Site "Pardubice"]
[Date "2021.07.28"]
[Round "6"]
[White "Tolmacevs, Artjoms"]
[Black "Husarik, Branko"]
[Result "1/2-1/2"]
[WhiteElo "1818"]
[BlackElo "2110"]
[PlyCount "90"]
[EventDate "2021.07.24"]
[EventType "swiss"]
[EventRounds "9"]
[EventCountry "CZE"]
[SourceTitle "EXT 2022"]
[Source "ChessBase"]
[SourceDate "2021.10.06"]
[SourceVersion "1"]
[SourceVersionDate "2021.10.06"]
[SourceQuality "1"]

1. e4 e5 2. Nf3 Nc6 3. d4 exd4 4. Nxd4 Nf6 5. Nxc6 bxc6 6. e5 Qe7 7. Qe2 Nd5 8. c4 Ba6 9. Nd2 f6 10. Qe4 Nb6 11. exf6 Qxe4+ 12. Nxe4 Bxc4 13. Bxc4 Nxc4 14. b3 Ne5 15. 0-0 gxf6 16. Nxf6+ Kf7 17. Nh5 Rg8 18. Bb2 Bd6 19. Ng3 Nd3 20. Bc3 Nf4 21. Kh1 Rg6 22. Rad1 Rag8 23. Bd2 Ke8 24. Rfe1+ Kd8 25. Bxf4 Bxf4 26. Re4 Rd6 27. Rf1 Bxg3 28. hxg3 Rd2 29. Ra4 Re8 30. Rxa7 Ree2 31. Ra8+ Ke7 32. Rh8 Rxa2 33. Rxh7+ Ke6 34. Rh6+ Ke7 35. Rh7+ Kd6 36. Rf7 Rab2 37. g4 Ke6 38. Rf3 Re4 39. Rg3 Rb4 40. Re1+ Kf6 41. Rf3+ Kg6 42. Re7 Rxg4 43. Rxd7 Rh4+ 44. Rh3 Rxh3+ 45. gxh3 Rxb3 1/2-1/2

[Event "Pardubice Czech op-B 32nd"]
[Site "Pardubice"]
[Date "2021.07.26"]
[Round "4"]
[White "Kozlowski, Pawel"]
[Black "Husarik, Branko"]
[Result "1-0"]
[WhiteElo "1965"]
[BlackElo "2110"]
[PlyCount "73"]
[EventDate "2021.07.24"]
[EventType "swiss"]
[EventRounds "9"]
[EventCountry "CZE"]
[SourceTitle "EXT 2022"]
[Source "ChessBase"]
[SourceDate "2021.10.06"]
[SourceVersion "1"]
[SourceVersionDate "2021.10.06"]
[SourceQuality "1"]

1. e4 e5 2. d4 exd4 3. Qxd4 Nc6 4. Qc4 Nf6 5. Nc3 Bb4 6. Bd2 0-0 7. 0-0-0 Re8 8. f3 a6 9. a3 b5 10. Qe2 Bf8 11. g4 d6 12. Qg2 Be6 13. g5 Nd7 14. f4 Qb8 15. f5 Bc4 16. Bxc4 bxc4 17. Nge2 Qb7 18. Rdf1 Rab8 19. Nd1 Nc5 20. g6 hxg6 21. fxg6 fxg6 22. Bc3 Ne5 23. Bxe5 dxe5 24. Qxg6 Re7 25. Nec3 c6 26. Rf3 Re6 27. Qh5 Qe7 28. Rhf1 Rh6 29. Qg4 Ne6 30. Ne3 Rh4 31. Qg3 Rf4 32. Nxc4 Qb7 33. Qg6 Nd4 34. Rxf4 exf4 35. Rxf4 Bxa3 36. bxa3 Qe7 37. Qd6 1-0

[Event "Pardubice Czech op-B 32nd"]
[Site "Pardubice"]
[Date "2021.07.25"]
[Round "2"]
[White "Skvaril, Michal"]
[Black "Husarik, Branko"]
[Result "0-1"]
[WhiteElo "1818"]
[BlackElo "2110"]
[PlyCount "46"]
[EventDate "2021.07.24"]
[EventType "swiss"]
[EventRounds "9"]
[EventCountry "CZE"]
[SourceTitle "EXT 2022"]
[Source "ChessBase"]
[SourceDate "2021.10.06"]
[SourceVersion "1"]
[SourceVersionDate "2021.10.06"]
[SourceQuality "1"]

1. e4 e5 2. Nf3 Nc6 3. Bc4 Nf6 4. d3 h6 5. 0-0 d6 6. c3 g5 7. Qb3 Qe7 8. Bxg5 hxg5 9. Nxg5 Nd8 10. f4 Bh6 11. Nd2 exf4 12. Ndf3 Bxg5 13. Nxg5 Rh5 14. Rxf4 Rxg5 15. Raf1 Rg6 16. d4 Be6 17. e5 dxe5 18. dxe5 Nd7 19. Bxe6 Qxe6 20. Qa4 Rg7 21. Rh4 Qc6 22. Rh8+ Nf8 23. Qc2 Nde6 0-1

[Event "CZE-chT1W 1920"]
[Site "Czech Republic"]
[Date "2020.03.01"]
[Round "9.1"]
[White "Husarik, Branko"]
[Black "Ludvik, Tomas"]
[Result "0-1"]
[WhiteElo "2146"]
[BlackElo "2305"]
[PlyCount "72"]
[EventDate "2019.10.20"]
[EventType "team-tourn"]
[EventRounds "11"]
[EventCountry "CZE"]
[SourceTitle "CBM 195 Extra"]
[Source "ChessBase"]
[SourceDate "2020.05.31"]
[SourceVersion "1"]
[SourceVersionDate "2020.05.31"]
[SourceQuality "1"]
[WhiteTeam "Lysa nad Labem III"]
[BlackTeam "Polabiny II"]
[WhiteTeamCountry "CZE"]
[BlackTeamCountry "CZE"]

1. e4 c5 2. Nf3 d6 3. d4 cxd4 4. Nxd4 Nf6 5. Nc3 a6 6. Bg5 e6 7. f4 Qc7 8. Qf3 b5 9. Bd3 Bb7 10. 0-0-0 Nbd7 11. Bh4 b4 12. Nb1 Rc8 13. Nd2 Be7 14. Bf2 Nc5 15. Kb1 0-0 16. g4 d5 17. e5 Nfe4 18. Be3 a5 19. Bxe4 dxe4 20. Qf2 Na4 21. N2b3 Ba6 22. f5 Nxb2 23. Kxb2 a4 24. Na1 b3 25. cxb3 Qc3+ 26. Kb1 Bd3+ 27. Rxd3 Qxd3+ 28. Nac2 axb3 29. axb3 Rc3 30. Qd2 Rxb3+ 31. Nxb3 Qxb3+ 32. Kc1 Rb8 33. Qg2 Qb2+ 34. Kd1 Rd8+ 35. Ke1 Qb1+ 36. Kf2 Bh4+ 0-1

[Event "CZE-chT2C 1920"]
[Site "Czech Republic"]
[Date "2020.01.26"]
[Round "7.6"]
[White "Husarik, Branko"]
[Black "Lhotska, Anna"]
[Result "1-0"]
[WhiteElo "2146"]
[BlackElo "1760"]
[PlyCount "61"]
[EventDate "2019.10.13"]
[EventType "team-tourn"]
[EventRounds "11"]
[EventCountry "CZE"]
[SourceTitle "EXT 2024"]
[Source "ChessBase"]
[SourceDate "2023.10.10"]
[SourceVersion "1"]
[SourceVersionDate "2023.10.10"]
[SourceQuality "1"]
[WhiteTeam "Lysa nad Labem Joly III"]
[BlackTeam "Praha Oaza II"]
[WhiteTeamCountry "CZE"]
[BlackTeamCountry "CZE"]

1. e4 c5 2. Nf3 d6 3. d4 cxd4 4. Nxd4 Nf6 5. Nc3 a6 6. Bg5 e6 7. f4 Be7 8. Qf3 Qc7 9. 0-0-0 b5 10. Bxf6 gxf6 11. Bd3 Nc6 12. Nxc6 Qxc6 13. Rhe1 Bb7 14. Qh5 b4 15. Ne2 Qc5 16. f5 Qe3+ 17. Kb1 e5 18. Bc4 Rf8 19. Nc1 Qg5 20. Qe2 Rg8 21. g3 a5 22. Bd5 Ba6 23. Qf2 Rc8 24. Qb6 Bc4 25. Bxc4 Kf8 26. Ba6 Ra8 27. Bb7 Rb8 28. Qc7 Rd8 29. Nb3 Ke8 30. Nxa5 Rd7 31. Bc6 1-0

[Event "CZE-chT1W 1920"]
[Site "Czech Republic"]
[Date "2019.11.24"]
[Round "3.1"]
[White "Husarik, Branko"]
[Black "Jun, Rudolf Jr"]
[Result "0-1"]
[WhiteElo "2146"]
[BlackElo "2105"]
[PlyCount "90"]
[EventDate "2019.10.20"]
[EventType "team-tourn"]
[EventRounds "11"]
[EventCountry "CZE"]
[SourceTitle "CBM 193 Extra"]
[Source "ChessBase"]
[SourceDate "2020.01.31"]
[SourceVersion "1"]
[SourceVersionDate "2020.01.31"]
[SourceQuality "1"]
[WhiteTeam "Lysa nad Labem III"]
[BlackTeam "Vlasim Spartak"]
[WhiteTeamCountry "CZE"]
[BlackTeamCountry "CZE"]

1. e4 c5 2. Nf3 Nc6 3. d4 cxd4 4. Nxd4 Nf6 5. Nc3 e5 6. Nb3 Bb4 7. Bg5 h6 8. Bxf6 Qxf6 9. Qd3 0-0 10. f3 d5 11. exd5 Bf5 12. Qb5 Nd4 13. Nxd4 Qh4+ 14. Ke2 exd4 15. g3 Qe7+ 16. Ne4 Bxe4 17. fxe4 Qxe4+ 18. Kf2 Qxh1 19. Qxb4 Qxd5 20. Bd3 Rfe8 21. Rf1 a5 22. Qa4 Re5 23. Kg1 b5 24. Qa3 a4 25. Qb4 Qc5 26. Qd2 Rae8 27. b3 axb3 28. axb3 Qe7 29. Qf4 Qd7 30. Qf2 Qd5 31. Qf4 Re1 32. Rxe1 Rxe1+ 33. Kf2 Re8 34. h3 Qe5 35. Qf3 Qe1+ 36. Kg2 Qd2+ 37. Qf2 Qxf2+ 38. Kxf2 b4 39. Kf3 Re3+ 40. Kf4 g6 41. h4 Kg7 42. Kg4 f5+ 43. Bxf5 gxf5+ 44. Kh5 Rxg3 45. c3 bxc3 0-1

[Event "CZE-chT2C 1920"]
[Site "Czech Republic"]
[Date "2019.11.03"]
[Round "2.6"]
[White "Husarik, Branko"]
[Black "Tesar, Patrik"]
[Result "1-0"]
[WhiteElo "2146"]
[BlackElo "2081"]
[PlyCount "105"]
[EventDate "2019.10.13"]
[EventType "team-tourn"]
[EventRounds "11"]
[EventCountry "CZE"]
[SourceTitle "EXT 2024"]
[Source "ChessBase"]
[SourceDate "2023.10.10"]
[SourceVersion "1"]
[SourceVersionDate "2023.10.10"]
[SourceQuality "1"]
[WhiteTeam "Lysa nad Labem Joly III"]
[BlackTeam "Kolin"]
[WhiteTeamCountry "CZE"]
[BlackTeamCountry "CZE"]

1. e4 d5 2. exd5 Qxd5 3. Nc3 Qd8 4. Nf3 Nf6 5. d4 Bg4 6. h3 Bxf3 7. Qxf3 c6 8. Be3 e6 9. 0-0-0 Nbd7 10. Kb1 Nb6 11. g4 Nbd5 12. Bc1 Nxc3+ 13. Qxc3 a5 14. f4 Qd7 15. Bg2 Nd5 16. Qd3 b5 17. Be4 Nf6 18. Bf3 Be7 19. Rhe1 0-0 20. g5 Nd5 21. Be4 g6 22. h4 Bd6 23. Rf1 a4 24. h5 Kg7 25. Qh3 Rh8 26. Rf3 b4 27. c4 bxc3 28. bxc3 Rab8+ 29. Ka1 Qb7 30. h6+ Kf8 31. Qh2 Nb6 32. Qe2 Nd5 33. c4 Ne7 34. Bb2 Rg8 35. Rb1 Qa7 36. Qd3 a3 37. Bxa3 Rxb1+ 38. Kxb1 Qb8+ 39. Qb3 Ke8 40. Qxb8+ Bxb8 41. Rb3 Bxf4 42. Rb7 Bxg5 43. Bxe7 Bxe7 44. Bxc6+ Kd8 45. Rb8+ Kc7 46. Rxg8 Kxc6 47. Rg7 Bg5 48. Rxh7 f5 49. Rh8 Bf6 50. d5+ exd5 51. Rf8 Be7 52. Rf7 Bb4 53. Rf6+ 1-0

[Event "CZE-chT2C 1819"]
[Site "Czech Republic"]
[Date "2019.03.17"]
[Round "10.6"]
[White "Krtous, Zdenek"]
[Black "Husarik, Branko"]
[Result "0-1"]
[WhiteElo "2069"]
[BlackElo "2113"]
[PlyCount "80"]
[EventDate "2018.10.14"]
[EventType "team-tourn"]
[EventRounds "11"]
[EventCountry "CZE"]
[SourceTitle "EXT 2022"]
[Source "ChessBase"]
[SourceDate "2021.10.06"]
[SourceVersion "1"]
[SourceVersionDate "2021.10.06"]
[SourceQuality "1"]
[WhiteTeam "Liberec Desko"]
[BlackTeam "Lysa nad Labem III"]
[WhiteTeamCountry "CZE"]
[BlackTeamCountry "CZE"]

1. e4 e5 2. Nf3 Nc6 3. Bb5 a6 4. Bxc6 dxc6 5. Nc3 Bc5 6. Nxe5 Bxf2+ 7. Kxf2 Qd4+ 8. Ke1 Qxe5 9. d4 Qe7 10. Qf3 Be6 11. Kf2 0-0-0 12. Rd1 h5 13. h3 g5 14. d5 g4 15. Qe3 cxd5 16. exd5 gxh3 17. dxe6 Rxd1 18. Nxd1 h2 19. Qh3 Nf6 20. Bf4 Ng4+ 21. Kf3 fxe6 22. Ne3 Rf8 23. Nxg4 Qg5 24. Ne3 Qxf4+ 25. Ke2 Qf2+ 26. Kd3 Qg1 27. Qxe6+ Kb8 28. Qe7 Rc8 29. Rf1 Qxf1+ 30. Nxf1 h1Q 31. Ne3 Qh2 32. Qe4 Rd8+ 33. Kc3 Qd6 34. Nc4 Qf6+ 35. Kb4 Qd4 36. Qxd4 Rxd4 37. Kc3 Rg4 38. Ne3 Rg3 39. Kd4 h4 40. Ke4 Rxg2 0-1

[Event "CZE-chT1W 1819"]
[Site "Czech Republic"]
[Date "2019.02.03"]
[Round "7.4"]
[White "Docekal, Jan"]
[Black "Husarik, Branko"]
[Result "1-0"]
[WhiteElo "2254"]
[BlackElo "2100"]
[PlyCount "81"]
[EventDate "2018.10.21"]
[EventType "team-tourn"]
[EventRounds "11"]
[EventCountry "CZE"]
[SourceTitle "CBM 188 Extra"]
[Source "ChessBase"]
[SourceDate "2019.02.26"]
[SourceVersion "1"]
[SourceVersionDate "2019.02.26"]
[SourceQuality "1"]
[WhiteTeam "Vysehrad"]
[BlackTeam "Lysa nad Labem III"]
[WhiteTeamCountry "CZE"]
[BlackTeamCountry "CZE"]

1. e4 e5 2. Nf3 Nc6 3. Bc4 Nf6 4. d3 Be7 5. 0-0 0-0 6. c3 d5 7. exd5 Nxd5 8. Nbd2 Bg4 9. h3 Be6 10. Re1 Bf6 11. Ne4 Re8 12. Nfg5 Bxg5 13. Nxg5 f6 14. Nxe6 Rxe6 15. d4 Rd6 16. Bb3 Kh8 17. c4 Nde7 18. d5 Nd4 19. f4 Ng6 20. fxe5 fxe5 21. Be3 Nf5 22. Bc2 Nxe3 23. Rxe3 Qg5 24. Qd3 c6 25. Rg3 Qd8 26. Bb3 cxd5 27. cxd5 Qb6+ 28. Kh2 Qf2 29. Rc1 Qxb2 30. Rc7 b6 31. Qc4 Qf2 32. Rf3 Qd2 33. Qg4 Rg8 34. Rff7 Rf6 35. Rxa7 Qf2 36. d6 Qf4+ 37. Qxf4 Nxf4 38. Rxf6 gxf6 39. Bxg8 Kxg8 40. g3 Ne6 41. Re7 1-0

[Event "CZE-chT1W 1819"]
[Site "Czech Republic"]
[Date "2018.11.25"]
[Round "3.4"]
[White "Muron, Miroslav"]
[Black "Husarik, Branko"]
[Result "1-0"]
[WhiteElo "2210"]
[BlackElo "2100"]
[PlyCount "119"]
[EventDate "2018.10.21"]
[EventType "team-tourn"]
[EventRounds "11"]
[EventCountry "CZE"]
[SourceTitle "CBM 187 Extra"]
[Source "ChessBase"]
[SourceDate "2018.11.04"]
[SourceVersion "1"]
[SourceVersionDate "2018.11.04"]
[SourceQuality "1"]
[WhiteTeam "Praha Dukla"]
[BlackTeam "Lysa nad Labem III"]
[WhiteTeamCountry "CZE"]
[BlackTeamCountry "CZE"]

1. e4 e5 2. Nf3 Nc6 3. d4 exd4 4. Nxd4 Bc5 5. Be3 Qf6 6. c3 Qg6 7. Nd2 Nf6 8. f3 d5 9. Qe2 Bxd4 10. Bxd4 Nxd4 11. cxd4 dxe4 12. Nxe4 0-0 13. Kf2 Nxe4+ 14. Qxe4 Bf5 15. Qf4 Rfe8 16. Rd1 Re7 17. Bc4 b5 18. Bxb5 Rb8 19. Rhe1 Be6 20. a4 a6 21. Bd3 Rxb2+ 22. Rd2 Rxd2+ 23. Qxd2 Qh5 24. Kg1 Qd5 25. Bxa6 Rd7 26. Bc8 Qxd4+ 27. Qxd4 Rxd4 28. Bxe6 fxe6 29. Ra1 Rd6 30. Kf2 Kf7 31. Ke3 Ke7 32. a5 Ra6 33. Kd4 Kd6 34. f4 c5+ 35. Kc4 Kc6 36. g3 Ra7 37. a6 Kb6 38. Re1 Re7 39. Ra1 Ra7 40. Re1 Re7 41. a7 Kxa7 42. Kxc5 Rd7 43. Rxe6 Kb7 44. f5 Kc7 45. g4 Rd2 46. Re7+ Kd8 47. Rxg7 Rxh2 48. Kd6 Ke8 49. Ke6 Kf8 50. Ra7 Kg8 51. Ra8+ Kg7 52. f6+ Kg6 53. Rg8+ Kh6 54. g5+ Kh5 55. f7 Re2+ 56. Kf6 Rf2+ 57. Kg7 Kxg5 58. Kxh7+ Kh5 59. f8Q Rf6 60. Qc5+ 1-0

[Event "Olomouc Summmer op 21st"]
[Site "Olomouc"]
[Date "2018.08.17"]
[Round "8"]
[White "Husarik, Branko"]
[Black "Zdrazil, Tomas"]
[Result "1/2-1/2"]
[WhiteElo "2072"]
[BlackElo "2065"]
[PlyCount "100"]
[EventDate "2018.08.11"]
[EventType "swiss"]
[EventRounds "9"]
[EventCountry "CZE"]
[SourceTitle "CBM 186 Extra"]
[Source "ChessBase"]
[SourceDate "2018.08.24"]
[SourceVersion "1"]
[SourceVersionDate "2018.08.24"]
[SourceQuality "1"]

1. f4 c5 2. Nf3 d5 3. e3 Nf6 4. d4 Nc6 5. c3 Bg4 6. Bd3 e6 7. Nbd2 Be7 8. 0-0 0-0 9. Qe1 Bf5 10. Be2 Ne4 11. h3 Nxd2 12. Bxd2 Qb6 13. Bc1 Be4 14. g4 f5 15. Qg3 Bxf3 16. Rxf3 g6 17. h4 Kf7 18. Rf2 Bf6 19. h5 Rg8 20. Rh2 Rg7 21. Kf2 fxg4 22. hxg6+ hxg6 23. Qxg4 Ne7 24. Rb1 Nf5 25. Bd3 Rc8 26. Bxf5 gxf5 27. Qh5+ Ke7 28. Qe2 Rcg8 29. Ke1 Rg1+ 30. Kd2 cxd4 31. exd4 Bxd4 32. Kc2 Qc6 33. a3 Bf6 34. Bd2 Qa4+ 35. b3 Qxa3 36. Rh7+ Kd6 37. Qb5 R1g7 38. Rh6 Rf7 39. Re1 Qa2+ 40. Kc1 Qa3+ 41. Kc2 Rg2 42. Kd3 Rg3+ 43. Re3 Rxe3+ 44. Bxe3 Qa6 45. Bc5+ Kc7 46. Qxa6 bxa6 47. Bxa7 Kd7 48. Bd4 Bd8 49. Be5 Bb6 50. Rh8 Bd8 1/2-1/2

[Event "CZE-chT1W 1718"]
[Site "Czech Republic"]
[Date "2018.04.15"]
[Round "11.4"]
[White "Bulockin, Martin"]
[Black "Husarik, Branko"]
[Result "1/2-1/2"]
[WhiteElo "2176"]
[BlackElo "2108"]
[PlyCount "35"]
[EventDate "2017.10.29"]
[EventType "team-tourn"]
[EventRounds "11"]
[EventCountry "CZE"]
[SourceTitle "EXT 2019"]
[Source "ChessBase"]
[SourceDate "2018.10.10"]
[SourceVersion "1"]
[SourceVersionDate "2018.10.10"]
[SourceQuality "1"]
[WhiteTeam "Polabiny II"]
[BlackTeam "Lysa nad Labem III"]
[WhiteTeamCountry "CZE"]
[BlackTeamCountry "CZE"]

1. e4 e5 2. Nc3 Nf6 3. f4 d5 4. fxe5 Nxe4 5. Nf3 Bb4 6. Qe2 Bxc3 7. dxc3 0-0 8. Bf4 a5 9. 0-0-0 a4 10. Nd2 a3 11. Nxe4 axb2+ 12. Kxb2 Qe7 13. Nd6 cxd6 14. exd6 Qd8 15. a3 Qa5 16. Ra1 Bd7 17. Qd2 Na6 18. Be5 1/2-1/2

[Event "CZE-chT2C 1718"]
[Site "Czech Republic"]
[Date "2018.03.18"]
[Round "10.4"]
[White "Janda, Pavel"]
[Black "Husarik, Branko"]
[Result "1-0"]
[WhiteElo "2083"]
[BlackElo "2108"]
[PlyCount "93"]
[EventDate "2017.10.15"]
[EventType "team-tourn"]
[EventRounds "11"]
[EventCountry "CZE"]
[SourceTitle "EXT 2022"]
[Source "ChessBase"]
[SourceDate "2021.10.06"]
[SourceVersion "1"]
[SourceVersionDate "2021.10.06"]
[SourceQuality "1"]
[WhiteTeam "Tabor"]
[BlackTeam "Praha Eurovia"]
[WhiteTeamCountry "CZE"]
[BlackTeamCountry "CZE"]

1. e4 e5 2. Bc4 Nf6 3. Nc3 c6 4. d4 b5 5. Bb3 b4 6. Na4 Nxe4 7. dxe5 d5 8. exd6 Bxd6 9. Be3 0-0 10. Qf3 Ng5 11. Qh5 Ne6 12. 0-0-0 Qe7 13. Nh3 Nd7 14. Rhe1 Nf6 15. Qf3 Bb7 16. Bg5 Rfd8 17. Bxf6 gxf6 18. Qg4+ Kh8 19. Bxe6 fxe6 20. Rxe6 Bc8 21. Rde1 Bxe6 22. Rxe6 Qf7 23. Qf5 Be7 24. Ng5 Qh5 25. Qxh7+ Qxh7 26. Nxh7 Kxh7 27. Rxe7+ Kg6 28. Nc5 Rd5 29. Nd3 a5 30. Nf4+ Kf5 31. Nxd5 cxd5 32. Kd2 Rg8 33. g3 Kg4 34. Rf7 f5 35. h3+ Kxh3 36. Rxf5 Rd8 37. Rg5 Kg2 38. f4 Kf3 39. Kd3 a4 40. f5 Rf8 41. g4 a3 42. bxa3 bxa3 43. Rg6 Kf2 44. f6 Ke1 45. Rh6 Rb8 46. f7 d4 47. Rf6 1-0

[Event "CZE-chT1W 1718"]
[Site "Czech Republic"]
[Date "2018.02.18"]
[Round "8.2"]
[White "Smid, Miroslav"]
[Black "Husarik, Branko"]
[Result "1-0"]
[WhiteElo "2254"]
[BlackElo "2108"]
[PlyCount "57"]
[EventDate "2017.10.29"]
[EventType "team-tourn"]
[EventRounds "11"]
[EventCountry "CZE"]
[SourceTitle "EXT 2019"]
[Source "ChessBase"]
[SourceDate "2018.10.10"]
[SourceVersion "1"]
[SourceVersionDate "2018.10.10"]
[SourceQuality "1"]
[WhiteTeam "Praha Bohemians"]
[BlackTeam "Lysa nad Labem III"]
[WhiteTeamCountry "CZE"]
[BlackTeamCountry "CZE"]

1. c4 f5 2. g3 Nf6 3. Bg2 c6 4. Nc3 g6 5. d3 Bg7 6. e4 d6 7. Nge2 0-0 8. 0-0 Na6 9. Rb1 Qc7 10. b4 Bd7 11. Bg5 Rae8 12. Qd2 fxe4 13. Nxe4 Bg4 14. N2c3 Nxe4 15. Nxe4 d5 16. cxd5 cxd5 17. Rfc1 Qe5 18. Nc5 Nxc5 19. bxc5 Bf3 20. Rxb7 Bxg2 21. Kxg2 Rf5 22. Bf4 Qf6 23. c6 e5 24. c7 Qf8 25. c8Q Rxc8 26. Rxg7+ Kh8 27. Rxc8 Qxc8 28. Bxe5 Rxe5 29. Qh6 1-0

[Event "CZE-chT2C 1718"]
[Site "Czech Republic"]
[Date "2018.01.14"]
[Round "6.4"]
[White "Husarik, Branko"]
[Black "Mladek, Richard"]
[Result "1/2-1/2"]
[WhiteElo "2108"]
[BlackElo "2143"]
[PlyCount "108"]
[EventDate "2017.10.15"]
[EventType "team-tourn"]
[EventRounds "11"]
[EventCountry "CZE"]
[SourceTitle "EXT 2022"]
[Source "ChessBase"]
[SourceDate "2021.10.06"]
[SourceVersion "1"]
[SourceVersionDate "2021.10.06"]
[SourceQuality "1"]
[WhiteTeam "Praha Eurovia"]
[BlackTeam "Vlasim"]
[WhiteTeamCountry "CZE"]
[BlackTeamCountry "CZE"]

1. e4 c5 2. Nf3 Nc6 3. Bb5 g6 4. 0-0 Bg7 5. c3 Nf6 6. d3 0-0 7. Be3 d6 8. Bxc6 bxc6 9. Na3 Rb8 10. Qc1 Bg4 11. Rb1 Bxf3 12. gxf3 Qd7 13. Kg2 Nh5 14. Bh6 f5 15. Bxg7 Kxg7 16. Qe3 fxe4 17. dxe4 e5 18. Nc4 Rf4 19. Rg1 Rbf8 20. Nd2 Rh4 21. Kf1 Qh3+ 22. Ke2 Qxh2 23. Rbf1 Nf4+ 24. Kd1 Nh3 25. Rg3 Rhf4 26. Nc4 h5 27. Nxd6 h4 28. Rg4 Rxf3 29. Ne8+ Kf7 30. Qxf3+ Kxe8 31. Rg2 Rxf3 32. Rxh2 g5 33. Rg2 Kf7 34. Ke2 Rf6 35. Ke3 Kg6 36. f3 Nf4 37. Rd2 h3 38. Rh1 Kh5 39. Rg1 Ng2+ 40. Rgxg2 hxg2 41. Rxg2 Rf4 42. Rd2 Kh4 43. Rg2 c4 44. b3 cxb3 45. axb3 g4 46. fxg4 Rxg4 47. Rf2 Rg3+ 48. Kd2 Rg4 49. Rf6 Rxe4 50. Rxc6 Kg5 51. Ra6 Rh4 52. Rxa7 Kf4 53. Rf7+ Ke4 54. c4 Rh3 1/2-1/2

[Event "CZE-chT2C 1718"]
[Site "Czech Republic"]
[Date "2017.12.17"]
[Round "5.4"]
[White "Skalicky, Tomas"]
[Black "Husarik, Branko"]
[Result "0-1"]
[WhiteElo "2162"]
[BlackElo "2108"]
[PlyCount "74"]
[EventDate "2017.10.15"]
[EventType "team-tourn"]
[EventRounds "11"]
[EventCountry "CZE"]
[SourceTitle "EXT 2022"]
[Source "ChessBase"]
[SourceDate "2021.10.06"]
[SourceVersion "1"]
[SourceVersionDate "2021.10.06"]
[SourceQuality "1"]
[WhiteTeam "Ricany"]
[BlackTeam "Praha Eurovia"]
[WhiteTeamCountry "CZE"]
[BlackTeamCountry "CZE"]

1. d4 Nf6 2. c4 e6 3. Nf3 b6 4. a3 Bb7 5. Nc3 d6 6. Bg5 Be7 7. e3 Nbd7 8. Bd3 0-0 9. 0-0 c5 10. Qe2 e5 11. dxe5 dxe5 12. Bf5 g6 13. Bxd7 Nxd7 14. Bh6 Re8 15. Rad1 Qc7 16. e4 Rad8 17. Nd5 Bxd5 18. cxd5 Qd6 19. Be3 f5 20. Nd2 f4 21. Nc4 Qf6 22. Bd2 Nf8 23. b4 g5 24. bxc5 Bxc5 25. Bb4 Bd4 26. Rxd4 exd4 27. Bxf8 Qxf8 28. Qg4 Rxe4 29. Qxg5+ Kh8 30. Ne5 Re8 31. Nc6 f3 32. h3 Qf7 33. g3 Rg8 34. Qh6 Rg6 35. Qd2 Qxd5 36. Nb4 Qd7 37. Kh2 Rh4 0-1